Detalles MARC
| 000 -CABECERA |
| campo de control de longitud fija |
00925cam a2200265 a 4500 |
| 001 - NÚMERO DE CONTROL |
| campo de control |
000020089 |
| 005 - FECHA Y HORA DE LA ÚLTIMA TRANSACCIÓN |
| campo de control |
20200929170248.0 |
| 008 - DATOS DE LONGITUD FIJA--INFORMACIÓN GENERAL |
| campo de control de longitud fija |
030115s2000 dr r 000 f spa d |
| 020 ## - NÚMERO INTERNACIONAL ESTÁNDAR DEL LIBRO |
| Número Internacional Estándar del Libro |
8481301329 |
| 040 ## - FUENTE DE LA CATALOGACIÓN |
| Centro catalogador/agencia de origen |
DO-SdBNP |
| Lengua de catalogación |
spa |
| Centro/agencia transcriptor |
BNPHU |
| 082 ## - NÚMERO DE LA CLASIFICACIÓN DECIMAL DEWEY |
| Número de clasificación |
823.7 |
| Número de documento/Ítem |
S545fr |
| 100 1# - ENTRADA PRINCIPAL--NOMBRE DE PERSONA |
| Nombre de persona |
Shelley, Mary, |
| Fechas asociadas al nombre |
1797-1851 |
| 9 (RLIN) |
4159 |
| 240 10 - TÍTULO UNIFORME |
| Título uniforme |
Frankenstein. |
| Lenguaje de la obra |
Español |
| 245 10 - MENCIÓN DE TÍTULO |
| Título |
Frankenstein o el moderno Prometeo / |
| Mención de responsabilidad, etc. |
Mary Shelley ; traducción de Manuel Serrat Crespo. |
| 260 ## - PUBLICACIÓN, DISTRIBUCIÓN, ETC. |
| Lugar de publicación, distribución, etc. |
Santo Domingo : |
| Nombre del editor, distribuidor, etc. |
El Siglo, |
| Fecha de publicación, distribución, etc. |
2000. |
| 300 ## - DESCRIPCIÓN FÍSICA |
| Extensión |
239 p. ; |
| Dimensiones |
21 cm. |
| 490 1# - MENCIÓN DE SERIE |
| Mención de serie |
Joyas del milenio. |
| Designación de volumen o secuencia |
7 |
| 534 ## - NOTA SOBRE LA VERSIÓN ORIGINAL |
| Encabezamiento principal del original |
Título original: Frankenstein |
| Publicación, distribución, etc. del original |
Barcelona : Bibliotex, 2000. |
| 590 ## - NOTA LOCAL (RLIN) |
| Nota local |
Inventariado, 2018/BT |
| 650 #4 - PUNTO DE ACCESO ADICIONAL DE MATERIA--TÉRMINO DE MATERIA |
| Término de materia o nombre geográfico como elemento de entrada |
Novela de ciencia ficcion inglesa |
| 9 (RLIN) |
42671 |
| 650 #4 - PUNTO DE ACCESO ADICIONAL DE MATERIA--TÉRMINO DE MATERIA |
| Término de materia o nombre geográfico como elemento de entrada |
Literatura inglesa |
| 9 (RLIN) |
498 |
| 700 1# - PUNTO DE ACCESO ADICIONAL--NOMBRE DE PERSONA |
| Nombre de persona |
Serrat Crespo, Manuel, |
| Término indicativo de función/relación |
tr. |
| 9 (RLIN) |
5324 |
| 830 #0 - PUNTO DE ACCESO ADICIONAL DE SERIE-TÍTULO UNIFORME |
| Título uniforme |
Joyas del milenio; |
| Número de parte o sección de la obra |
7 |
| 9 (RLIN) |
42672 |
| 910 ## - DATOS DE OPCIÓN DEL USUARIO (OCLC) |
| Datos de opción del usuario |
Validado. Control de calidad. MFF |